00883nam a2200229 a 4500001001000000003000500010005001700015008004100032010001100073011001100084040000900095100003200104245013500136260004100271500006000312502006900372650002400441650003800465650002100503650005900524856007000583000112512CHAP20220329144310.0160607s2016 mx a fsm |||||||spa d a108973 a109945 cCHAP1 aValenzuela Corrales, Pastor10aPropuesta metodológica para evaluación de lluvias extremas :h[En línea]bestudio de caso /cpor Pastor Valenzuela Corrales. aChapingo, Méx. :bEl autor,c2016. aPara ver el contenido del material haga clic en la liga aTesis (Ing. Agr. Esp. en Suelos) -- UACH. Departamento de Suelos14aLluviaxMedición.14aLluviaxMétodos estadísticos.14aLluviazTabasco.14aProcesamiento automático de datos en meteorología. aFinding aiduhttp://10.13.5.2/tesis/sist112512.pdfzTeclea aquí